00813nam a2200205Ia 4500008004100000020001500041041001200056082001600068100001600084245006600100250000800166260002500174300000800199650001700207700001500224942000700239999001500246952017300261952017300434221030s9999 xx 000 0 und d a007115342x aEnglish a105.23bJoh aJ. Johnston 0aEconometric Methods with 3.5 diskcby J. Johnston, J. Dinardo a4th bTMHaNew Delhic2006 a531 aBE Economics aJ. Dinardo cBK c3523d3523 pBE 8743g1178.00l0o105.23 Johr2024-06-13 00:00:00w2022-10-30yBK003Print4070aMIETLIBbMIETLIBcBL-Academic Block- A, FL-1, CUP-89, SH-5, R-5d2006-11-2010HBE pBE 8744g1178.00l0o105.23 Johr2024-06-13 00:00:00w2022-10-30yBK003Print4070aMIETLIBbMIETLIBcBL-Academic Block- A, FL-1, CUP-89, SH-5, R-5d2006-11-2010HBE